Marcas en el cuerpo de niños y adolescentes /

Diferentes voces y escrituras confluyen en este libro. Tatuajes, cortes, somatizaciones, dificultades en la motricidad, así como otras cuestiones que involucran al cuerpo, son temas que se despliegan. El cuerpo es cada vez más el lugar en el que se manifiesta el sufrimiento, pero también es aquello...

Full description

Bibliographic Details
Format: Libro
Language:Spanish
Published: Buenos Aires Noveduc 2011
Series:Ensayos y experiencias 75
Subjects:
Online Access:

MARC

LEADER 00000cam a2200000 a 4500
001 001309
003 UAHC_CL
005 20170803115726.0
008 141126s2011 ag 000 spa
020 |a 9789875382589 
040 |a UAHC_CL  |c UAHC_CL  |d UAHC_CL 
082 0 4 |a 150.195  |b M313  |2 20 
245 1 0 |a Marcas en el cuerpo de niños y adolescentes /  |c Beatriz Janin y Elsa Kahansky (comps.) ; José Cernadas ... [et al.]. 
260 |b Noveduc  |a Buenos Aires  |c 2011 
300 |a 128 p. 
490 0 |a Ensayos y experiencias  |v 75 
520 |a Diferentes voces y escrituras confluyen en este libro. Tatuajes, cortes, somatizaciones, dificultades en la motricidad, así como otras cuestiones que involucran al cuerpo, son temas que se despliegan. El cuerpo es cada vez más el lugar en el que se manifiesta el sufrimiento, pero también es aquello que se muestra, un lugar de exhibición y escritura. \Algunas cuestiones se presentan habitualmente en la clínica con niños: enuresis, encopresis, patología psicosomática, accidentes a repetición. Diferentes modos en los que el cuerpo queda expuesto. También, en la clínica con adolescentes prevalecen las marcas en el cuerpo. Cortes, tatuajes y agujeros… Algunas imágenes e historias muestran cómo muchas cosas han quedado naturalizadas en esta época.\Signos…, marcas…, representaciones que aluden a ¿pictogramas?, ¿primeros modos de representar…? ¿Líneas que van marcando rumbos? ¿Gritos mudos? ¿Será el modo de decirnos, a través de lo visual, de la imagen, aquello para lo que no tienen palabras…? 
650 4 |a PSICOANALISIS  |x NIÑOS 
650 4 |a ADOLESCENTES  |x PSICOANALISIS 
653 |a PSICOLOGIA 
900 |a 150.195 MAR 
942 |c BK 
952 |0 0  |1 0  |4 0  |6 150_195000000000000_MAR  |7 0  |8 General  |9 2904  |a BC  |b BC  |c General  |d 2017-08-03  |l 2  |m 1  |o 150.195 MAR  |p 1421415  |r 2026-01-07 00:00:00  |s 2025-12-06  |t 1  |w 2017-08-03  |y BK 
999 |c 1309  |d 1309